| 000 | 00473nam a2200145Ia 4500 | ||
|---|---|---|---|
| 008 | 231129s2005||||xx |||||||||||||| ||spa|| | ||
| 020 | _a958-8065-84-4 | ||
| 040 | _bspa | ||
| 082 | _a333.9186132 Q7g | ||
| 100 | _aQuintana Ramirez Ana Patricia | ||
| 245 | 0 | _aGestion colectiva del agua. Caso: Asociacion Municipal de Acueductos Comunitarios en D/quebradas | |
| 260 | _c2005 | ||
| 264 | _aUniversidad Tecnologica | ||
| 942 |
_2ddc _cBKS |
||
| 999 |
_c14483 _d14483 |
||